Sports Quiz

Random Sports or Clickable Quiz
Score 0/15 Timer 05:00
0 Plays Today
% Correct
Rajon Rondo
100%
Avery Bradley
100%
Kelly Olynyk
100%
Marcus Smart
100%
Jeff Green
98%
Jared Sullinger
98%
Brandon Bass
98%
Phil Pressey
95.9%
% Correct
Gerald Wallace
95.9%
Vitor Faverani
95.9%
Tyler Zeller
95.9%
Evan Turner
95.9%
James Young Jr.
91.8%
Marcus Thornton
89.8%
Dwight Powell
79.6%
Remove Ads.
Support Sporcle.
Get the best of Sporcle when you Go Orange. This ad-free experience offers more features, more stats, and more fun while also helping to support Sporcle. Thank you for becoming a member.

You're not logged in!

Compare scores with friends on all Sporcle quizzes.
OR
Log In

Show Comments

Extras

Top Quizzes Today


Score Distribution

Your Account Isn't Verified!

In order to create a playlist on Sporcle, you need to verify the email address you used during registration. Go to your Sporcle Settings to finish the process.

Report this User

Report this user for behavior that violates our Community Guidelines.

Details: